| 000 | 014010000a22003010004500 | ||
|---|---|---|---|
| 003 | EG-GICUC | ||
| 005 | 20250223032958.0 | ||
| 008 | 070417s2002 ua f m 000 0 ara d | ||
| 040 |
_aEG-GICUC _bara _cEG-GICUC |
||
| 041 | 0 | _aara | |
| 049 | _aايداع | ||
| 097 | _aماجستير | ||
| 099 | _aCai01.02.01.M.A.2002.نف.ب | ||
| 100 | 0 | _aنفين جمال الدين احمد رضوان | |
| 245 | 1 | 2 |
_aالبناء التنظيمى للمؤسسات التربوية : _bدراسة لانماط التفاعل الاجتماعى بين المدرس والتلميذ فى بعض المدارس الاعدادية بمحافظة الجيزة / _cنفين جمال الدين احمد رضوان ؛ اشراف فاروق محمد العادلى |
| 260 |
_aالقاهرة : _bنفين جمال الدين احمد رضوان : _c2002 |
||
| 300 |
_a264ورقة ؛ _c25سم |
||
| 502 | _aاطروحة (ماجستير) - جامعة القاهرة - كلية الاداب - قسم الاجتماع | ||
| 530 | _aصدر ايضا كقرص مدمج | ||
| 653 | 4 | _aالبناء التنظيمى | |
| 653 | 4 | _aالمؤسسات التربوية | |
| 653 | 4 | _aانماط التفاعل الاجتماعى | |
| 700 | 0 |
_aفاروق محمد العادلى : _eمشرف |
|
| 856 | _uhttp://172.23.153.220/th.pdf | ||
| 905 |
_aAmira _eCataloger |
||
| 905 |
_aEsam _eRevisor |
||
| 942 |
_2ddc _cTH |
||
| 999 |
_c85465 _d85465 |
||